<?xml version="1.0" encoding="UTF-8"?>
<record
    xmlns:xsi="http://www.w3.org/2001/XMLSchema-instance"
    xsi:schemaLocation="http://www.loc.gov/MARC21/slim http://www.loc.gov/standards/marcxml/schema/MARC21slim.xsd"
    xmlns="http://www.loc.gov/MARC21/slim">

  <leader>01206cam a22002651i 4500</leader>
  <controlfield tag="003">SA-RiAUC</controlfield>
  <controlfield tag="005">20241008073257.0</controlfield>
  <controlfield tag="008">241007s1969    su     g      00010 ara c</controlfield>
  <datafield tag="040" ind1=" " ind2=" ">
    <subfield code="a">SA-MdTU</subfield>
    <subfield code="b">ara</subfield>
    <subfield code="c">SA-RiAUC</subfield>
    <subfield code="e">rda</subfield>
  </datafield>
  <datafield tag="082" ind1="0" ind2="4">
    <subfield code="a">251</subfield>
    <subfield code="q">SA-RiAUC</subfield>
  </datafield>
  <datafield tag="090" ind1=" " ind2=" ">
    <subfield code="a">251</subfield>
    <subfield code="b">&#x62E; &#x637; &#x64A;</subfield>
  </datafield>
  <datafield tag="100" ind1="1" ind2=" ">
    <subfield code="a">&#x627;&#x644;&#x62E;&#x637;&#x64A;&#x628; &#x627;&#x644;&#x628;&#x63A;&#x62F;&#x627;&#x62F;&#x64A;&#x60C; &#x623;&#x62D;&#x645;&#x62F; &#x628;&#x646; &#x639;&#x644;&#x64A; &#x628;&#x646; &#x62B;&#x627;&#x628;&#x62A;&#x60C;</subfield>
    <subfield code="d">392-463 &#x647;&#x62C;&#x631;&#x64A;</subfield>
    <subfield code="e">&#x645;&#x624;&#x644;&#x641;.</subfield>
  </datafield>
  <datafield tag="245" ind1="1" ind2="0">
    <subfield code="a">&#x643;&#x62A;&#x627;&#x628; &#x627;&#x644;&#x641;&#x642;&#x64A;&#x647; &#x648;&#x627;&#x644;&#x645;&#x62A;&#x641;&#x642;&#x647; /</subfield>
    <subfield code="c">&#x623;&#x628;&#x648; &#x628;&#x643;&#x631; &#x623;&#x62D;&#x645;&#x62F; &#x628;&#x646; &#x639;&#x644;&#x64A; &#x628;&#x646; &#x62B;&#x627;&#x628;&#x62A; &#x627;&#x644;&#x62E;&#x637;&#x64A;&#x628; &#x627;&#x644;&#x628;&#x63A;&#x62F;&#x627;&#x62F;&#x64A; &#x61B; &#x642;&#x627;&#x645; &#x628;&#x62A;&#x635;&#x62D;&#x64A;&#x62D;&#x647; &#x648;&#x627;&#x644;&#x62A;&#x639;&#x644;&#x64A;&#x642; &#x639;&#x644;&#x64A;&#x647; &#x625;&#x633;&#x645;&#x627;&#x639;&#x64A;&#x644; &#x627;&#x644;&#x623;&#x646;&#x635;&#x627;&#x631;&#x64A;.</subfield>
  </datafield>
  <datafield tag="246" ind1="3" ind2="0">
    <subfield code="a">&#x627;&#x644;&#x641;&#x642;&#x64A;&#x647; &#x648;&#x627;&#x644;&#x645;&#x62A;&#x641;&#x642;&#x647;</subfield>
  </datafield>
  <datafield tag="264" ind1=" " ind2="1">
    <subfield code="a">[&#x645;&#x643;&#x627;&#x646; &#x627;&#x644;&#x646;&#x634;&#x631; &#x63A;&#x64A;&#x631; &#x645;&#x62D;&#x62F;&#x62F;] :</subfield>
    <subfield code="b">[&#x627;&#x644;&#x646;&#x627;&#x634;&#x631; &#x63A;&#x64A;&#x631; &#x645;&#x62D;&#x62F;&#x62F;]&#x60C;</subfield>
    <subfield code="c">[1969]</subfield>
  </datafield>
  <datafield tag="264" ind1=" " ind2="3">
    <subfield code="a">&#x627;&#x644;&#x631;&#x64A;&#x627;&#x636; :</subfield>
    <subfield code="b">&#x645;&#x637;&#x627;&#x628;&#x639; &#x627;&#x644;&#x642;&#x635;&#x64A;&#x645;</subfield>
  </datafield>
  <datafield tag="300" ind1=" " ind2=" ">
    <subfield code="a">&#x645;&#x62C;&#x644;&#x62F; &#x61B;</subfield>
    <subfield code="c">24 &#x633;&#x645;</subfield>
  </datafield>
  <datafield tag="336" ind1=" " ind2=" ">
    <subfield code="a">&#x646;&#x635;</subfield>
    <subfield code="b">txt</subfield>
    <subfield code="2">rdacontent</subfield>
    <subfield code="3">&#x643;&#x62A;&#x627;&#x628;</subfield>
  </datafield>
  <datafield tag="337" ind1=" " ind2=" ">
    <subfield code="a">&#x628;&#x62F;&#x648;&#x646; &#x648;&#x633;&#x64A;&#x637;</subfield>
    <subfield code="b">n</subfield>
    <subfield code="2">rdamedia</subfield>
  </datafield>
  <datafield tag="338" ind1=" " ind2=" ">
    <subfield code="a">&#x645;&#x62C;&#x644;&#x62F;</subfield>
    <subfield code="b">nc</subfield>
    <subfield code="2">rdacarrier</subfield>
  </datafield>
  <datafield tag="650" ind1=" " ind2="7">
    <subfield code="a">&#x623;&#x635;&#x648;&#x644; &#x627;&#x644;&#x641;&#x642;&#x647; &#x627;&#x644;&#x625;&#x633;&#x644;&#x627;&#x645;&#x64A;</subfield>
    <subfield code="2">aucsh</subfield>
  </datafield>
  <datafield tag="700" ind1="1" ind2=" ">
    <subfield code="a">&#x627;&#x644;&#x623;&#x646;&#x635;&#x627;&#x631;&#x64A;&#x60C; &#x625;&#x633;&#x645;&#x627;&#x639;&#x64A;&#x644; &#x628;&#x646; &#x645;&#x62D;&#x645;&#x62F;&#x60C;</subfield>
    <subfield code="d">1340-1417 &#x647;&#x62C;&#x631;&#x64A;</subfield>
    <subfield code="e">&#x645;&#x635;&#x62D;&#x62D;.</subfield>
  </datafield>
  <datafield tag="942" ind1=" " ind2=" ">
    <subfield code="2">ddc</subfield>
    <subfield code="c">BOOK</subfield>
    <subfield code="n">0</subfield>
  </datafield>
  <datafield tag="949" ind1=" " ind2=" ">
    <subfield code="a">SA-JeALM</subfield>
    <subfield code="d">241007</subfield>
    <subfield code="u">mohamedma123</subfield>
    <subfield code="n">1</subfield>
  </datafield>
  <datafield tag="952" ind1=" " ind2=" ">
    <subfield code="0">0</subfield>
    <subfield code="1">0</subfield>
    <subfield code="2">ddc</subfield>
    <subfield code="4">0</subfield>
    <subfield code="7">0</subfield>
    <subfield code="a">WAHAB</subfield>
    <subfield code="b">WAHAB</subfield>
    <subfield code="d">2024-10-08</subfield>
    <subfield code="l">0</subfield>
    <subfield code="o">251 &#x62E; &#x637; &#x64A;</subfield>
    <subfield code="p">000001438</subfield>
    <subfield code="r">2024-10-08 07:33:45</subfield>
    <subfield code="w">2024-10-08</subfield>
    <subfield code="y">BOOK</subfield>
  </datafield>
  <datafield tag="999" ind1=" " ind2=" ">
    <subfield code="c">999</subfield>
    <subfield code="d">999</subfield>
  </datafield>
</record>
